[Event "Gashimov Memorial-A"]
[Site "Shamkir"]
[Date "2014.04.21"]
[Round "2"]
[White "Carlsen, Magnus"]
[Black "Nakamura, Hikaru"]
[Result "1-0"]
[WhiteElo "2881"]
[BlackElo "2772"]
[Annotator "Roiz,M"]
[PlyCount "121"]
[EventDate "2014.04.20"]
[EventType "tourn"]
[EventRounds "10"]
[EventCountry "AZE"]
[EventCategory "22"]
[SourceTitle "CBM 160"]
[Source "ChessBase"]
[SourceDate "2014.05.15"]

1. d4 d5 2. c4 c6 3. Nf3 Nf6 4. e3 Bf5 5. Nc3 a6 6. Be2 h6 7. Bd3 $146 {
This novelty can hardly pose Black new problems. The inclusion of h7-h6 does
not affect the position much, so the resulting positions should be compared
with the known 6.Bd3 line.} ({In his previous rapid game, Magnus went for the
most ambitious:} 7. Qb3 Ra7 8. cxd5 cxd5 9. Ne5 e6 10. Bd2 {Black should have
played:} Be7 ({and here instead of:} 10... Bd6 $2 11. Qa4+ Nc6 (11... Nbd7 12.
Nb5 $18) 12. Nxc6 bxc6 13. Qxc6+ $16 {1-0 Carlsen,M (2837)-Bologan,V (2732)/
Astana KAZ 2012 (54)}) 11. Rc1 O-O 12. O-O Nfd7 {with a solid position. For
instance,} 13. Nxd7 Nxd7 14. a4 Nb8 15. e4 dxe4 16. d5 Nd7 17. Be3 Nc5 $1 (
17... Bc5 $6 18. Nxe4 Bxe3 19. Qxe3 Qb6 20. Ng3 $36 {1/2-1/2 Aronian,L (2802)
-Carlsen,M (2826)/London 2011/CBM 146 (39)}) 18. Qc4 ({Black is clearly no
longer at risk in the event of:} 18. Qc2 Ra8 19. dxe6 fxe6 20. Bxc5 Bxc5 21.
Nxe4 Bd4 $11) 18... b6 19. g4 exd5 (19... Bh7 $5 20. dxe6 Nxe6 21. Rfd1 Qb8 {
is also fine for Black}) 20. Qxd5 Qxd5 21. Nxd5 Be6 22. Nxe7+ Rxe7 $11) 7...
Bxd3 (7... e6 8. Bxf5 exf5 9. Qc2 g6 10. O-O Bd6 $11) 8. Qxd3 e6 9. O-O Bb4 10.
Bd2 O-O 11. Rfd1 {This position is quite topical with the pawn on h7. Black
has to solve a problem of Bb4 now - 11...Nbd7? is a tactical blunder (12.Nxd5!)
} Bxc3 {The simplest way to complete the developement.} ({Protecting the
bishop has its drawbacks:} 11... a5 12. a3 Bxc3 (12... Be7 13. e4 dxe4 14. Nxe4
Nxe4 15. Qxe4 Nd7 16. Bf4 $14) 13. bxc3 Nbd7 (13... dxc4 14. Qxc4 Qd5 15. Qe2
$14) 14. cxd5 cxd5 15. c4 $14) ({It was possible to keep the bishop on the
board by means of} 11... Ba5 $5 12. Rab1 Nbd7 13. b4 Bc7 14. e4 Nb6 15. cxd5
cxd5 16. e5 Nfd7 $132) 12. Bxc3 Nbd7 13. b3 {White is marginally better due to
a space advantage, but it would be difficult to make progress.} Qe7 {At this
stage of the game Hikaru correctly avoids any active actions.} (13... Ne4 14.
Bb2 a5 15. Ne5 Nxe5 16. dxe5 Qe7 17. Qc2 $14) 14. Rac1 Rac8 (14... a5 15. Nd2
Rfd8 (15... a4 16. b4 Nb6 17. c5 Nbd7 18. b5 $14) 16. h3 Nf8 17. e4 dxe4 18.
Nxe4 Nxe4 19. Qxe4 Ng6 20. a4 Qg5 21. g3 Rd7 22. h4 Qh5 23. Rd3 Ne7 24. Rcd1
$14) 15. Qe2 Ne4 $6 {This move looks natural, but the knight does not have
much of a job to do there. Moreover, now White's plan of seizing the centre by
means of f2-f3 and e3-e4 becomes more realistic.} ({A solid alternative was} 
15... Rfd8 {completing the flexible setup. The play may continue:} 16. Ne1 dxc4
17. bxc4 c5 18. Qb2 b6 19. f3 (19. dxc5 Nxc5 20. Bxf6 Qxf6 21. Qxb6 Rxd1 22.
Rxd1 Qc3 $11) 19... cxd4 20. Bxd4 Rc6 $11) 16. Bb2 Rfd8 17. Ne1 Nd6 {Allowing
the unpleasant pin, but Black's position lacks any constructive ideas.} (17...
Qg5 18. f3 Nd6 19. c5 (19. e4 $6 dxc4 20. bxc4 b5 $132) 19... Nf5 20. e4 Nh4
21. g3 $14) (17... dxc4 18. Qxc4 Nef6 19. Nd3 $14) (17... Nef6 18. Nd3 $14) 18.
Ba3 $14 f5 {Hikaru is trying to stop e3-e5 at any cost, but the weakness of
the dark squares in his camp is obvious now.} (18... Nf6 19. Nd3 Qc7 20. f3 $14
) 19. Nd3 Nf6 20. Bb4 Qc7 21. Qf3 {Magnus decides to activate the queen and is
ready to enter the endgame.} ({Black is definitely also under pressure after} 
21. f3 $5 Nf7 22. Be1 Qe7 23. Bh4 $14) 21... dxc4 {This exchange can hardly
suit Black - the pawn structure is better for White now. However, Hikaru was
trying to push e6-e5.} (21... Nf7 22. h4 Re8 $14) 22. bxc4 Nf7 23. a4 {A
positional threat of fixing the pawn structure is unpleasant, so Black is
forced to take a decision now.} a5 {Creating one more potential weakness.} ({
I would prefer} 23... b6 24. Qf4 Qxf4 25. Nxf4 Re8 (25... c5 26. Ba3 $14) 26.
a5 bxa5 27. Bxa5 e5 28. dxe5 Nxe5 $14 {in the resulting position White has a
stable positional advantage, but the material is reduced.}) 24. Be1 b6 25. Qg3
{Black cannot avoid an inferior endgame.} (25. Qf4 $5) 25... Qxg3 26. hxg3 {
[%csl Ra5,Rb6][%cal Gc4c5]} Ra8 {A sad necessity. There was no other way to
save losing a pawn.} (26... c5 27. dxc5 bxc5 28. Bxa5 Rd6 29. Be1 Rcd8 30. Nb2
$16) 27. f3 Rdb8 {A correct idea. Pushing b6-b5 may simplify the position and
ease Black's task.} 28. Rc2 (28. Rb1 Nd7 29. c5 (29. Kf2 Nd6 30. Rdc1 c5 $14)
29... bxc5 30. Nxc5 Nxc5 31. dxc5 Rxb1 32. Rxb1 Ne5 $14) 28... b5 (28... Nd7 $5
29. Rb1 e5 $14) 29. Nc5 $1 {The most ambitious continuation. Magnus is not
ready to swap the queenside pawns.} ({Things could be much easier for Hikaru
after} 29. cxb5 cxb5 30. axb5 Rxb5 31. Ra1 e5 $14) 29... bxc4 ({After} 29... b4
30. Nxe6 Ra7 31. Nc5 Nd7 32. Nb3 $14 {the strong Pb4 doesn't fully compensate
for the loss of a pawn.}) 30. Rxc4 Nd5 (30... e5 31. Kf2 Nd5 32. Rdc1 Rb2+ (
32... exd4 33. Rxd4 Rb2+ 34. Rd2 Rb4 35. Re2 Rb6 36. e4 fxe4 37. Rxe4 $14) 33.
R4c2 Rxc2+ 34. Rxc2 exd4 35. exd4 $14) 31. Bd2 e5 32. e4 {A double-edged
decision. Magnus gets an excellent square for his knight, but now there are
not many pawns left on the board.} (32. Ne6 $5 Rb6 33. dxe5 (33. Rdc1 exd4 34.
Rxd4 $14) 33... Nxe5 34. Rc5 Nd7 35. Rc2 $14) 32... fxe4 33. Nxe4 (33. fxe4 $6
Nf6 $11) 33... Nb6 $6 {This natural decision is wrong. Nakamura liquidates the
last queenside pawn, but his pieces lose harmony.} (33... exd4 $142 34. Rxd4
Rb2 35. Rc1 Nd8 36. Nc5 Ra2 $14) 34. Rxc6 Nd8 ({I would prefer} 34... Nxa4 35.
Ra1 Nb6 ({after} 35... Nb2 36. d5 a4 37. d6 a3 38. d7 Nd8 39. Rc3 $16 {White's
passed pawn is very strong}) 36. Rxa5 Rxa5 37. Bxa5 Na4 $1 38. dxe5 (38. d5 $2
Rb5 $11) 38... Nxe5 39. Rc7 Rf8 40. g4 $16 {and Black has a very difficult
position, but drawing chances cannot be understimated.}) 35. Rg6 $1 {A good
practical decision - now Black has an unpleasant choice, so there are more
chances for an additional mistake!} (35. Rd6 Nf7 (35... Nc4 36. Rd5 exd4 37.
Rxd4 $16) 36. Re6 Nxa4 37. dxe5 Nb2 38. Ra1 a4 39. Bc3 Nc4 40. f4 $16) 35...
Nc4 36. dxe5 Kh7 $2 {A decisive mistake.} ({It was necessary to exchange the
strong bishop:} 36... Nxe5 37. Rd6 Nc4 38. Rd7 Nb6 39. Bf4 Nxd7 40. Bxb8 Rxb8
41. Rxd7 $16) 37. Rg4 Nxe5 38. Rh4 Ndf7 (38... Ndc6 39. g4 Kg8 40. Bc3 $18) 39.
Bc3 {Combining play on the both sides of the board.} Rb3 (39... Rd8 40. Rb1 Rd3
41. Rb5 Nd7 42. Bxa5 $18) 40. Rd5 Re8 41. Rf4 $1 {Brilliant technique by the
World Champion. Now Black just loses a second pawn.} (41. Rxa5 Ng6 42. Rg4 Rxe4
43. Rxe4 Rxc3 $16 {deserves much more efforts.}) 41... Re7 42. Bxa5 $18 {
The rest is a matter of accuracy, since Black is unable to create any threats.}
Ng6 43. Rff5 Nfe5 44. Rd1 {The rook is going to support the passed Pa4.} Nc4 (
44... Ra3 45. Bb4 $18) 45. Rc1 Nxa5 46. Rxa5 Ra3 47. Rcc5 {Restricting the
knight. White is not in a hurry.} Ra2 48. Kh2 Rd7 ({The following illustrative
line shows, that Black is helpless:} 48... Rb7 49. Ra8 Rbb2 50. Nf6+ $1 gxf6
51. Rc7+ Ne7 52. Rxe7+ Kg6 53. Rg8+ Kf5 54. g4+ Kf4 55. Re4#) 49. Ra6 Ne7 50.
g4 Rb7 ({Or} 50... Nd5 51. Rxd5 Rxd5 52. Nc3 Rdd2 53. Nxa2 Rxa2 54. a5 $18) 51.
Rb5 Rc7 52. Nc5 Rc6 (52... Ng6 53. Kg3 $18) 53. Rxc6 Nxc6 54. Rb7 {Reminding
Black about the king.} Nd4 55. Kh3 Kg8 56. Rb4 Ne2 57. g5 Ng1+ (57... hxg5 58.
Kg4 Ng1 59. g3 Ne2 60. Ne4 $18) 58. Kg3 Ne2+ (58... hxg5 59. Ne4 g4 60. f4 g6
61. Nf6+ Kg7 62. Nxg4 $18) 59. Kg4 hxg5 60. Kxg5 Ng1 61. Rg4 1-0

[Event "NOR-chT qual"]
[Site "Oslo"]
[Date "2014.03.22"]
[Round "1.1"]
[White "Carlsen, Magnus"]
[Black "Georgiev, Vladimir"]
[Result "1-0"]
[WhiteElo "2881"]
[BlackElo "2553"]
[PlyCount "79"]
[EventDate "2014.03.22"]
[EventType "team-match"]
[EventRounds "1"]
[EventCountry "NOR"]
[SourceTitle "CBM 159 Extra"]
[Source "ChessBase"]
[SourceDate "2014.04.24"]
[WhiteTeam "Stavanger"]
[BlackTeam "Nordstrand"]
[WhiteTeamCountry "NOR"]
[BlackTeamCountry "NOR"]

1. e4 e5 2. Nf3 Nc6 3. Bb5 a6 4. Ba4 Nf6 5. O-O b5 6. Bb3 Bb7 7. d3 Bc5 8. c3
O-O 9. a4 d5 10. axb5 axb5 11. Rxa8 Bxa8 12. exd5 Nxd5 13. Re1 b4 14. Qc2 f6
15. Nbd2 Kh8 16. Ne4 Be7 17. h3 Na5 18. Ba2 b3 19. Bxb3 Nxb3 20. Qxb3 Nb6 21.
d4 f5 22. Nc5 e4 23. Ne5 Bd5 24. Qd1 Bd6 25. Bf4 Nc4 26. b4 g5 27. Bh2 f4 28.
Nxc4 Bxc5 29. Nd2 Bd6 30. Nxe4 Qe7 31. Nxd6 Qxd6 32. Re5 h6 33. h4 gxh4 34. Qh5
c6 35. f3 Qf6 36. b5 Ra8 37. Re8+ Rxe8 38. Qxe8+ Kh7 39. Qd7+ Kh8 40. b6 1-0

[Event "Caxias do Sul Uva op rap 13th"]
[Site "Caxias do Sul"]
[Date "2014.03.09"]
[Round "9"]
[White "Carlsen, Magnus"]
[Black "Nielsen, Peter Heine"]
[Result "1-0"]
[WhiteElo "2881"]
[BlackElo "2653"]
[PlyCount "135"]
[EventDate "2014.03.08"]
[EventType "swiss (rapid)"]
[EventRounds "9"]
[EventCountry "BRA"]
[SourceTitle "CBM 159 Extra"]
[Source "ChessBase"]
[SourceDate "2014.04.24"]

1. e4 c5 2. Nf3 d6 3. Bb5+ Bd7 4. Bxd7+ Qxd7 5. c4 Nf6 6. Nc3 g6 7. d4 cxd4 8.
Nxd4 Bg7 9. h3 O-O 10. O-O Rc8 11. b3 d5 12. exd5 Nxd5 13. Nxd5 e6 14. Bh6 exd5
15. Bxg7 Kxg7 16. cxd5 Qxd5 17. Nf3 Rd8 18. Qxd5 Rxd5 19. Rfd1 Rxd1+ 20. Rxd1
Nc6 21. Rd7 b6 22. Ng5 Ne5 23. Rc7 h6 24. Ne4 g5 25. g3 Kg6 26. Kg2 f5 27. Nd2
h5 28. Nf3 Kf6 29. Nxe5 Kxe5 30. Rh7 Kf6 31. b4 h4 32. gxh4 gxh4 33. Rxh4 Rg8+
34. Kf3 Rc8 35. a4 Rc3+ 36. Kg2 Ra3 37. b5 Kg5 38. Rc4 f4 39. Rd4 Kf5 40. Rd5+
Ke4 41. Rg5 Rxa4 42. h4 f3+ 43. Kg3 Ra1 44. Rg4+ Kf5 45. Rf4+ Kg6 46. Rb4 Kh5
47. Kxf3 a6 48. bxa6 Rxa6 49. Kg3 Ra3+ 50. f3 Ra1 51. Rb5+ Kh6 52. Rxb6+ Kh5
53. Rb5+ Kh6 54. Kg4 Rg1+ 55. Kf5 Ra1 56. f4 Ra2 57. Re5 Ra1 58. Kf6 Ra4 59. f5
Rxh4 60. Re1 Kh5 61. Re8 Ra4 62. Rh8+ Kg4 63. Kg6 Ra5 64. f6 Rg5+ 65. Kf7 Ra5
66. Rh1 Kg5 67. Kg7 Ra7+ 68. f7 1-0

[Event "Caxias do Sul Uva op rap 13th"]
[Site "Caxias do Sul"]
[Date "2014.03.08"]
[Round "6"]
[White "Milos, Gilberto"]
[Black "Carlsen, Magnus"]
[Result "1/2-1/2"]
[WhiteElo "2583"]
[BlackElo "2881"]
[PlyCount "59"]
[EventDate "2014.03.08"]
[EventType "swiss (rapid)"]
[EventRounds "9"]
[EventCountry "BRA"]
[SourceTitle "CBM 159 Extra"]
[Source "ChessBase"]
[SourceDate "2014.04.24"]

1. e4 e5 2. Nf3 Nc6 3. Bb5 f5 4. Bxc6 dxc6 5. Nc3 Nf6 6. Qe2 fxe4 7. Nxe4 Bg4
8. h3 Bxf3 9. Qxf3 Nxe4 10. Qxe4 Qd5 11. d3 Bc5 12. Be3 Qxe4 13. dxe4 Bxe3 14.
fxe3 Rf8 15. Ke2 Ke7 16. Rhf1 Rxf1 17. Rxf1 a5 18. h4 a4 19. h5 c5 20. g4 c4
21. a3 Ra6 22. Rf5 Re6 23. Kd2 g6 24. hxg6 hxg6 25. Rf2 Rf6 26. Rh2 b5 27. Rh7+
Rf7 28. Rxf7+ Kxf7 29. g5 c5 30. c3 1/2-1/2

[Event "Caxias do Sul Uva op rap 13th"]
[Site "Caxias do Sul"]
[Date "2014.03.08"]
[Round "4"]
[White "Contin, Daniel"]
[Black "Carlsen, Magnus"]
[Result "0-1"]
[WhiteElo "2328"]
[BlackElo "2881"]
[PlyCount "80"]
[EventDate "2014.03.08"]
[EventType "swiss (rapid)"]
[EventRounds "9"]
[EventCountry "BRA"]
[SourceTitle "CBM 159 Extra"]
[Source "ChessBase"]
[SourceDate "2014.04.24"]

1. c4 e5 2. Nc3 Nf6 3. Nf3 Nc6 4. g3 d5 5. cxd5 Nxd5 6. Bg2 Nb6 7. a3 Be7 8.
O-O O-O 9. b4 Re8 10. d3 Bf8 11. Be3 a5 12. Bxb6 cxb6 13. b5 Nd4 14. Nxd4 exd4
15. Na4 Re5 16. Qc2 Rxb5 17. Rfb1 Bd7 18. Bxb7 Rb8 19. Rxb5 Bxb5 20. Be4 Bd7
21. Nb2 Rc8 22. Qd1 b5 23. a4 bxa4 24. Nc4 Bb4 25. f4 g6 26. Rxa4 Bxa4 27. Qxa4
Qe8 28. Qb3 Kg7 29. Qa2 a4 30. Ne5 f6 31. Nc4 Bf8 32. f5 a3 33. Kg2 gxf5 34.
Bxf5 Rb8 35. e4 dxe3 36. Qe2 a2 37. Qxa2 e2 38. Qa7+ Qf7 39. Qf2 Re8 40. Be4
Rxe4 0-1

[Event "Caxias do Sul Uva op rap 13th"]
[Site "Caxias do Sul"]
[Date "2014.03.08"]
[Round "7"]
[White "Carlsen, Magnus"]
[Black "Mekhitarian, Krikor Sevag"]
[Result "1-0"]
[WhiteElo "2881"]
[BlackElo "2562"]
[PlyCount "91"]
[EventDate "2014.03.08"]
[EventType "swiss (rapid)"]
[EventRounds "9"]
[EventCountry "BRA"]
[SourceTitle "CBM 159 Extra"]
[Source "ChessBase"]
[SourceDate "2014.04.24"]

1. e4 e5 2. Nf3 Nc6 3. Bc4 Bc5 4. c3 Nf6 5. d3 d6 6. O-O a6 7. Bb3 h6 8. Nbd2
O-O 9. Re1 Ba7 10. Nf1 Be6 11. Ng3 Re8 12. Bxe6 Rxe6 13. Be3 Bxe3 14. Rxe3 d5
15. Qb3 Rb8 16. h3 Qd7 17. Rae1 dxe4 18. dxe4 Na5 19. Qc2 Rd8 20. b3 g6 21.
R3e2 Nc6 22. Nf1 Nh5 23. Ne3 Nf4 24. Rd2 Rd6 25. Red1 Qe6 26. b4 Kg7 27. a4
Rxd2 28. Nxd2 h5 29. Nf3 Rd6 30. h4 Qd7 31. Rxd6 Qxd6 32. g3 Ne6 33. Nc4 Qd8
34. Ncxe5 Nxe5 35. Nxe5 c5 36. b5 axb5 37. axb5 Nc7 38. b6 Ne6 39. Nc4 Qd7 40.
Qe2 Qb5 41. Kg2 Qc6 42. Qd3 Qb5 43. Qd5 Qb3 44. Nd6 Qxb6 45. Nxb7 Qb2 46. Nxc5
1-0

[Event "Caxias do Sul Uva op rap 13th"]
[Site "Caxias do Sul"]
[Date "2014.03.08"]
[Round "5"]
[White "Carlsen, Magnus"]
[Black "El Debs, Felipe de Cresce"]
[Result "1-0"]
[WhiteElo "2881"]
[BlackElo "2511"]
[PlyCount "75"]
[EventDate "2014.03.08"]
[EventType "swiss (rapid)"]
[EventRounds "9"]
[EventCountry "BRA"]
[SourceTitle "CBM 159 Extra"]
[Source "ChessBase"]
[SourceDate "2014.04.24"]

1. e4 c5 2. Nf3 e6 3. g3 d5 4. exd5 exd5 5. d4 Nf6 6. Bg2 cxd4 7. O-O Be7 8.
Nxd4 O-O 9. h3 Nc6 10. Be3 Re8 11. Re1 Bf8 12. c3 Bd7 13. Nd2 Rc8 14. Nf1 h6
15. Nxc6 bxc6 16. Bxa7 c5 17. Rxe8 Bxe8 18. b4 cxb4 19. cxb4 Bxb4 20. Ne3 Bc5
21. Bxc5 Rxc5 22. Qd4 Ra5 23. Re1 Bd7 24. Re2 Qa8 25. Rb2 Be6 26. Qf4 Nd7 27.
Qd6 Qf8 28. Qc7 Rc5 29. Qf4 Ra5 30. a4 Qa3 31. Rb4 Qc3 32. h4 Qe5 33. Bf1 Qxf4
34. gxf4 d4 35. Rxd4 Nb6 36. Bb5 Bb3 37. Rd8+ Kh7 38. Rb8 1-0

[Event "Caxias do Sul Uva KO rap"]
[Site "Caxias do Sul"]
[Date "2014.03.07"]
[Round "2.2"]
[White "Carlsen, Magnus"]
[Black "Milos, Gilberto"]
[Result "1-0"]
[WhiteElo "2881"]
[BlackElo "2583"]
[PlyCount "77"]
[EventDate "2014.03.07"]
[EventType "k.o. (rapid)"]
[EventRounds "2"]
[EventCountry "BRA"]
[SourceTitle "CBM 159 Extra"]
[Source "ChessBase"]
[SourceDate "2014.04.24"]

1. Nf3 d6 2. d4 Bg4 3. Qd3 c6 4. e4 Nf6 5. Nbd2 e6 6. Qe3 Be7 7. Bd3 d5 8. O-O
O-O 9. Ne5 Bh5 10. Qh3 Bg6 11. Nxg6 hxg6 12. e5 Nfd7 13. f4 c5 14. Bxg6 fxg6
15. Qxe6+ Rf7 16. Qxg6 Nf8 17. Qg4 cxd4 18. f5 Nc6 19. Nf3 Qc8 20. e6 Rf6 21.
Bg5 Nh7 22. Bxf6 Nxf6 23. Qg6 Qe8 24. Qxe8+ Rxe8 25. h3 Ne4 26. g4 Rc8 27. Kg2
Nb4 28. Nxd4 Nxc2 29. Rac1 Ne3+ 30. Kf3 Nc4 31. Rfd1 Bg5 32. Rc2 Rf8 33. Nb3
Ne3 34. Rxd5 Nxd5 35. Kxe4 Nf6+ 36. Kf3 Rd8 37. Nc5 b6 38. e7 Rc8 39. Ne4 1-0

[Event "Caxias do Sul Uva KO rap"]
[Site "Caxias do Sul"]
[Date "2014.03.07"]
[Round "1.2"]
[White "Rodriguez Vila, Andres"]
[Black "Carlsen, Magnus"]
[Result "1/2-1/2"]
[WhiteElo "2437"]
[BlackElo "2881"]
[PlyCount "90"]
[EventDate "2014.03.07"]
[EventType "k.o. (rapid)"]
[EventRounds "2"]
[EventCountry "BRA"]
[SourceTitle "CBM 159 Extra"]
[Source "ChessBase"]
[SourceDate "2014.04.24"]

1. e4 e5 2. Nf3 Nc6 3. Bc4 Bc5 4. c3 Nf6 5. d3 a6 6. O-O d6 7. h3 Ba7 8. Bb3 h6
9. Nbd2 Qe7 10. Nc4 Be6 11. Ne3 Bxe3 12. Bxe3 d5 13. exd5 Bxd5 14. Re1 O-O 15.
Bc2 Qd6 16. Nd2 Rad8 17. Ne4 Nxe4 18. dxe4 Bc4 19. Qxd6 cxd6 20. Bb6 Rd7 21.
Red1 Be6 22. Rd2 d5 23. Rad1 d4 24. cxd4 Nxd4 25. Bxd4 Rxd4 26. Rxd4 exd4 27.
Rxd4 Rc8 28. Bb3 Bxb3 29. axb3 Rc1+ 30. Kh2 Rc2 31. Rd8+ Kh7 32. Rd7 Rxf2 33.
Rxb7 f6 34. Kg3 Rxb2 35. Kf3 a5 36. Rb5 g5 37. Kg3 Kg6 38. Kf3 h5 39. Kg3 h4+
40. Kf3 Kf7 41. Rb7+ Ke6 42. Rb6+ Ke5 43. Rb5+ Ke6 44. Rb6+ Ke5 45. Rb5+ Ke6
1/2-1/2

[Event "Caxias do Sul Uva KO rap"]
[Site "Caxias do Sul"]
[Date "2014.03.07"]
[Round "1.1"]
[White "Carlsen, Magnus"]
[Black "Rodriguez Vila, Andres"]
[Result "1-0"]
[WhiteElo "2881"]
[BlackElo "2437"]
[PlyCount "45"]
[EventDate "2014.03.07"]
[EventType "k.o. (rapid)"]
[EventRounds "2"]
[EventCountry "BRA"]
[SourceTitle "CBM 159 Extra"]
[Source "ChessBase"]
[SourceDate "2014.04.24"]

1. Nf3 f5 2. d3 Nf6 3. e4 d6 4. exf5 Bxf5 5. d4 Qd7 6. Nc3 g6 7. Bd3 Bg7 8. O-O
Nc6 9. d5 Nb4 10. Bxf5 gxf5 11. a3 Na6 12. Nd4 Nc5 13. b4 Nce4 14. Nxe4 fxe4
15. Ne6 Rg8 16. Bb2 c6 17. c4 Bh8 18. Re1 Rg6 19. Bxf6 exf6 20. Qh5 Qf7 21. Qf5
Qg8 22. g3 Kf7 23. Rxe4 1-0

[Event "Caxias do Sul Uva KO rap"]
[Site "Caxias do Sul"]
[Date "2014.03.07"]
[Round "2.1"]
[White "Milos, Gilberto"]
[Black "Carlsen, Magnus"]
[Result "0-1"]
[WhiteElo "2583"]
[BlackElo "2881"]
[PlyCount "120"]
[EventDate "2014.03.07"]
[EventType "k.o. (rapid)"]
[EventRounds "2"]
[EventCountry "BRA"]
[SourceTitle "CBM 159 Extra"]
[Source "ChessBase"]
[SourceDate "2014.04.24"]

1. c4 Nf6 2. Nc3 e5 3. Nf3 Nc6 4. d3 d5 5. cxd5 Nxd5 6. g3 Be7 7. Bg2 Be6 8.
O-O O-O 9. Bd2 Nb6 10. a4 a5 11. Nb5 f6 12. Rc1 Rf7 13. Qc2 Bb4 14. Bc3 Rd7 15.
Rfd1 Qe7 16. d4 e4 17. Nd2 f5 18. e3 Nd8 19. Nxc7 Rxc7 20. Bxb4 Rxc2 21. Bxe7
Rxb2 22. Bf1 Nc6 23. Bc5 Nxa4 24. Nc4 Rb3 25. d5 Nxc5 26. dxe6 Nd3 27. Rb1 Rxb1
28. Rxb1 Ndb4 29. Nd6 g6 30. Nxb7 Kf8 31. Rd1 Ne5 32. Nc5 Ke7 33. Ra1 Ned3 34.
Bxd3 Nxd3 35. Nxd3 exd3 36. Kf1 Kxe6 37. Ke1 Kd5 38. Ra4 Kc5 39. Kd2 Kb5 40.
Ra1 a4 41. Kxd3 a3 42. Kc3 Ka4 43. f3 Rc8+ 44. Kd3 Rd8+ 45. Kc3 Rb8 46. e4 fxe4
47. fxe4 Rb2 48. Rd1 Rb3+ 49. Kc4 a2 50. Ra1 Ka3 51. e5 Rb1 52. Rxa2+ Kxa2 53.
e6 Rb8 54. Kd5 Kb3 55. e7 Kc3 56. g4 Kd3 57. Ke6 Ke4 58. Kf7 Kf4 59. h3 Kg3 60.
g5 Kxh3 0-1

[Event "Caxias do Sul Uva rap"]
[Site "Caxias do Sul"]
[Date "2014.03.06"]
[Round "2"]
[White "Carlsen, Magnus"]
[Black "Milos, Gilberto"]
[Result "1/2-1/2"]
[WhiteElo "2881"]
[BlackElo "2583"]
[PlyCount "81"]
[EventDate "2014.03.06"]
[EventType "tourn (rapid)"]
[EventRounds "6"]
[EventCountry "BRA"]
[EventCategory "16"]
[SourceTitle "CBM 159"]
[Source "ChessBase"]
[SourceDate "2014.03.17"]

1. e4 e5 2. Nf3 Nc6 3. d4 exd4 4. Nxd4 Bb4+ 5. c3 Be7 6. Bf4 Nf6 7. e5 Nd5 8.
Bg3 O-O 9. Nf5 d6 10. Nxe7+ Ndxe7 11. exd6 Nf5 12. Be2 Re8 13. O-O Nxg3 14.
hxg3 Qxd6 15. Qxd6 cxd6 16. Re1 d5 17. Nd2 d4 18. Bf3 Bd7 19. c4 Ne5 20. Rad1
Bc6 21. Bxc6 Nxc6 22. Rxe8+ Rxe8 23. Kf1 f5 24. Nf3 Kf7 25. a3 a5 26. b4 axb4
27. axb4 Nxb4 28. Rb1 Nc6 29. Rxb7+ Re7 30. Rb5 Kf6 31. Rd5 Re4 32. c5 g6 33.
Kg1 Ke7 34. Kh2 Kf6 35. Kh3 h6 36. Kh2 Ne5 37. Rd6+ Kf7 38. Nxe5+ Rxe5 39. Rxd4
Rxc5 40. g4 fxg4 41. Rxg4 1/2-1/2

[Event "Caxias do Sul Uva rap"]
[Site "Caxias do Sul"]
[Date "2014.03.06"]
[Round "4"]
[White "Carlsen, Magnus"]
[Black "Leitao, Rafael Duailibe"]
[Result "1-0"]
[WhiteElo "2881"]
[BlackElo "2645"]
[PlyCount "67"]
[EventDate "2014.03.06"]
[EventType "tourn (rapid)"]
[EventRounds "6"]
[EventCountry "BRA"]
[EventCategory "16"]
[SourceTitle "CBM 159"]
[Source "ChessBase"]
[SourceDate "2014.03.17"]

1. e4 c5 2. b3 Nc6 3. Bb2 d6 4. Bb5 Bd7 5. f4 a6 6. Bxc6 Bxc6 7. Nc3 Nf6 8. Qe2
e6 9. Nf3 Be7 10. O-O-O Qc7 11. d4 cxd4 12. Nxd4 Rc8 13. g4 O-O 14. g5 Nd7 15.
h4 b5 16. Rhe1 Rfe8 17. a3 Nc5 18. f5 Bf8 19. f6 a5 20. Ndxb5 Bxb5 21. Nxb5 Qb8
22. Kb1 Nxe4 23. fxg7 Be7 24. Qxe4 Qxb5 25. a4 Qc6 26. Qd3 e5 27. Rf1 Kxg7 28.
Qf5 Rf8 29. h5 Rc7 30. Rd2 Qd7 31. Bxe5+ Kg8 32. Qxd7 Rxd7 33. Rf5 Re8 34. Bc3
1-0

[Event "Caxias do Sul Uva rap"]
[Site "Caxias do Sul"]
[Date "2014.03.06"]
[Round "1"]
[White "Leitao, Rafael Duailibe"]
[Black "Carlsen, Magnus"]
[Result "0-1"]
[WhiteElo "2645"]
[BlackElo "2881"]
[PlyCount "52"]
[EventDate "2014.03.06"]
[EventType "tourn (rapid)"]
[EventRounds "6"]
[EventCountry "BRA"]
[EventCategory "16"]
[SourceTitle "CBM 159"]
[Source "ChessBase"]
[SourceDate "2014.03.17"]

1. d4 d5 2. c4 c6 3. Nf3 Nf6 4. e3 Bg4 5. cxd5 Bxf3 6. Qxf3 cxd5 7. Nc3 e6 8.
Bd3 Nc6 9. O-O Bb4 10. Bd2 O-O 11. Rac1 Rc8 12. a3 Ba5 13. b4 Bc7 14. Qh3 Bd6
15. f4 a5 16. b5 Ne7 17. e4 Rxc3 18. Rxc3 dxe4 19. Bc4 Bxa3 20. Rxa3 Qxd4+ 21.
Qe3 Qxc4 22. Rc1 Qxb5 23. Rxa5 Qd7 24. Rac5 Nf5 25. Qc3 e3 26. Bxe3 Nd5 0-1